000 00556nam a2200181 i 4500
001 19671
003 ES-MaACL
005 20230906152138.0
007 t|
008 021007s1955 sp ||||1| fre d
100 0 _aAbelló, José
_918076
245 1 0 _aInvestigations sur le bacille B.C.G. /
_cpar José Abelló.
260 _a[S.l. :
_bs.n.,
_c1955]
300 _a8 p., 2 lám. ;
_c24 cm.
500 _aSeparata de Acta Tuberculea Scandinavica. Vol. XXXI- Fasc. 2. 1955- p. 198-212.
852 _aES-MaACL
_j1977-F-9
_bR.37897
999 _c19671
_d19671